| 000 | 00858 a2200241 4500 | ||
|---|---|---|---|
| 003 | NUST | ||
| 005 | 20230320180004.0 | ||
| 010 | _a 00283207 | ||
| 020 | _a969-8366-00-8 | ||
| 035 | _a(DLC) 00283207 | ||
| 040 | _cNust | ||
| 082 | 0 | 0 |
_a953.81,BAH _aB |
| 100 | 1 |
_aBahrullah, Hazarvi _9110727 |
|
| 245 | 1 | 0 |
_aKing Abdul Aziz bin Abdul Rahman al-Saud: _bthe founder of [sic] Royal Kingdom of Saudi Arabia / عبدالعزیز بن عبدالرحمن آل سعود بانی مملکت سعودی عرب (Urdu) / _cBahrullah Hazarvi. |
| 250 | _a1st ed. | ||
| 260 |
_aIslamabad : _bFawad Publications, _c1997. |
||
| 300 | _a482 p.; | ||
| 600 | 0 | 0 |
_aIbn Sa?嵤, _d1880-1953. _9110728 |
| 650 |
_aSaudi Arabia (Urdu) _9110729 |
||
| 651 | 0 |
_aSaudi Arabia _xHistory _y20th century. _9110730 |
|
| 651 | 0 |
_xKings and rulers _9110731 |
|
| 942 |
_2ddc _cBK _k953.81,BAH |
||
| 999 |
_c187846 _d187846 |
||